| 000 | 00579nam a22002057a 4500 | ||
|---|---|---|---|
| 008 | 151013b xxu||||| |||| 00| 0 eng d | ||
| 020 | _a9780495565512 | ||
| 020 | _a0495565512 | ||
| 041 | 0 | _aeng | |
| 080 | _a658 | ||
| 100 | 1 | _aMiller, Katherine, | |
| 245 | 1 | 0 |
_aOrganizational communication : _cKatherine Miller. |
| 250 | _a5th ed. | ||
| 260 |
_aBoston, MA : _bWadsworth Cengage Learning, _c2009. |
||
| 300 |
_axviii, 318 f. : _bme il.; _c25 cm. |
||
| 650 | 0 | _aKomunikimi | |
| 650 | 0 | _aOrganizatë | |
| 650 | 0 | _aNdërpersonal | |
| 942 |
_2udc _cBK |
||
| 999 |
_c1269 _d1269 |
||